| 000 | 01343nam a2200373 a 4500 | ||
|---|---|---|---|
| 999 |
_c161145 _d161145 |
||
| 003 | BLK | ||
| 005 | 20240731130353.0 | ||
| 008 | 180410b bul|||||r ||||||| ||bul|| | ||
| 010 | _aKNG00168451000 | ||
| 040 | _aBLK | ||
| 041 |
_aBUL _cBUL |
||
| 072 | 7 |
_2bullib _aК _xКраезнание |
|
| 080 |
_aБългарска литература _b821.163.2 _x-31 _z821.163.2-31 |
||
| 100 |
_aСпасов, Павел Христов _d1905-1980 _gБългарски писател, публицист, драматург. Роден в Русе _9431378 |
||
| 139 |
_aСпасов, Павел Христов _bС 55 |
||
| 245 | 1 | 0 |
_aХлябът на хората _bРоман _cПавел Христов Спасов. |
| 250 | _a5. изд. | ||
| 257 | _aBGR | ||
| 260 |
_bБълг. писател _c1975 _aСофия |
||
| 300 |
_a439 с. _b1 л. портр. _c22 см |
||
| 380 | _aX | ||
| 500 | _a1. изд. 1952. - 13 100 тир. | ||
| 659 | _aК | ||
| 852 |
_aЦб 75422 _bЦб |
||
| 852 |
_aК 821.163.2/С 55 П _bП |
||
| 856 | 4 | _qpdf | |
| 856 | 4 | _qpdf | |
| 942 |
_cKNG _n0 _s1 |
||
| 944 |
_aCR _c05.12.2014 _lКети Илиева _k30550 |
||
| 944 |
_aED _c05.12.2014 _l05.12.2014 - от С1,Р / 05.12.2014 |
||
| 944 |
_aED _c2022-09-23 _l2022-09-23 |
||
| 999 | _d161145 | ||
| 999 | _d161145 | ||